| 000 | 01705nam0a2200349 4500 | ||
|---|---|---|---|
| 001 | RU\NLR\BIBL_A\022104519 | ||
| 005 | 20240130114030.0 | ||
| 010 |
_a978-5-907768-01-7 _91000 |
||
| 021 |
_aRU _bКН-П-23-074426 _9КН-П-23-7525 |
||
| 035 | _a(NLR Aleph) 022104519 | ||
| 035 | _a(RuMoRGB)012377069 | ||
| 090 |
_a12757326 _c12757326 |
||
| 100 | _a20240109d2023 u y0rusy50 ca | ||
| 101 | 0 | _arus | |
| 102 | _aRU | ||
| 105 | _ay j 000yy | ||
| 181 | 0 |
_ai _baxxe |
|
| 182 | 0 | _an | |
| 200 | 1 |
_aВоспитательное событие _eметодические рекомендации _fИ. Ю. Шустова |
|
| 203 |
_aТекст _bвизуальный _cнепосредственный |
||
| 210 |
_aМосква _cДепартамент методического обеспечения Общероссийского общественно-государственного движения детей и молодежи "Движение первых" _cМетодист _d2023 |
||
| 215 |
_a127 с. _cил., табл. _d21 |
||
| 300 | _aАвт. указан на обороте тит. с. | ||
| 320 | _aБиблиогр. в подстроч. примеч. | ||
| 601 | 0 | 2 |
_a"Движение первых", общероссийское общественно-государственное движение детей и молодежи _jМетодические пособия _xВоспитательная работа _92578001 _3RU\NLR\AUTH\6601735011 |
| 675 |
_a371.2 _v4 |
||
| 686 | 1 | _aЧ422(2)113я8 | |
| 700 | 1 |
_aШустова _bИ. Ю. _gИнна Юрьевна |
|
| 942 | _cBOOK | ||
| 980 | _aNB | ||